[Event "Sydney op-B"]
[Site "Parramatta"]
[Date "2010.04.11"]
[Round "9"]
[White "Wan, Dennis"]
[Black "Ali, Mosaddeque"]
[Result "0-1"]
[WhiteElo "1840"]
[BlackElo "1928"]
[PlyCount "63"]
[EventDate "2010.04.07"]
[EventType "swiss"]
[EventRounds "9"]
[EventCountry "AUS"]
[SourceTitle "EXT 2012"]
[Source "ChessBase"]
[SourceDate "2011.11.24"]
[SourceVersion "1"]
[SourceVersionDate "2011.11.24"]
[SourceQuality "1"]

1. d4 f5 2. Nc3 Nf6 3. Bg5 d5 4. Bxf6 exf6 5. a3 Be6 6. e3 c6 7. Qd2 Bd6 8. Nge2 Nd7 9. Nf4 Bf7 10. Bd3 g6 11. h4 h5 12. 0-0-0 b5 13. Na2 a5 14. g4 fxg4 15. Bxg6 Nb6 16. Bxf7+ Kxf7 17. Qd3 Rh6 18. f3 gxf3 19. Rhg1 Nc4 20. Rg7+ Kxg7 21. Ne6+ Kf7 22. Nxd8+ Rxd8 23. b3 Bxa3+ 24. Kb1 Nb2 25. Qf1 Nxd1 26. Qxd1 Rg8 27. Qxf3 Rg1+ 28. Nc1 Rxc1+ 29. Ka2 Rxc2+ 30. Kb1 Rb2+ 31. Ka1 Rg6 32. Qxh5 0-1

[Event "Sydney op-B"]
[Site "Parramatta"]
[Date "2010.04.08"]
[Round "3"]
[White "Koh, Cedric"]
[Black "Ali, Mosaddeque"]
[Result "0-1"]
[WhiteElo "1685"]
[BlackElo "1928"]
[PlyCount "68"]
[EventDate "2010.04.07"]
[EventType "swiss"]
[EventRounds "9"]
[EventCountry "AUS"]
[SourceTitle "EXT 2012"]
[Source "ChessBase"]
[SourceDate "2011.11.24"]
[SourceVersion "1"]
[SourceVersionDate "2011.11.24"]
[SourceQuality "1"]

1. d4 f5 2. Bf4 Nf6 3. Nf3 g6 4. e3 Bg7 5. Bc4 e6 6. Nbd2 d6 7. c3 Qe7 8. Qb3 c6 9. Qa3 d5 10. Bd6 Qd8 11. Bd3 Ne4 12. Bxe4 fxe4 13. Ne5 Bf8 14. Bxf8 Rxf8 15. c4 Nd7 16. Nxd7 Bxd7 17. b3 Kf7 18. 0-0 Kg8 19. f3 Qg5 20. b4 e5 21. Rf2 exd4 22. exd4 e3 23. Re2 exd2 24. Rd1 dxc4 25. Rdxd2 Bf5 26. Qc3 b5 27. Re5 Rae8 28. Rde2 Rxe5 29. Rxe5 Qf4 30. Re7 Bd3 31. a3 Qd6 32. Rxa7 Qd5 33. Re7 Rd8 34. Kh1 Qxd4 0-1

[Event "Sydney op-B"]
[Site "Parramatta"]
[Date "2010.04.07"]
[Round "2"]
[White "Ali, Mosaddeque"]
[Black "Chau, Adrian"]
[Result "1-0"]
[WhiteElo "1928"]
[BlackElo "1665"]
[PlyCount "84"]
[EventDate "2010.04.07"]
[EventType "swiss"]
[EventRounds "9"]
[EventCountry "AUS"]
[SourceTitle "EXT 2012"]
[Source "ChessBase"]
[SourceDate "2011.11.24"]
[SourceVersion "1"]
[SourceVersionDate "2011.11.24"]
[SourceQuality "1"]

1. e4 c5 2. Nc3 Nc6 3. f4 g6 4. Nf3 Bg7 5. Bc4 e6 6. 0-0 Nge7 7. d3 0-0 8. Qe1 d5 9. Bb3 Nd4 10. Ne2 Nxb3 11. axb3 dxe4 12. dxe4 b6 13. Ng3 Qc7 14. c3 Kh8 15. Nh4 Bf6 16. Nf3 a6 17. e5 Bg7 18. Ne4 Bb7 19. Nfg5 h6 20. Qh4 Nf5 21. Qh3 Bxe4 22. Nxe4 Kg8 23. g4 Ne7 24. Bd2 Qc6 25. Rae1 Rad8 26. Rf2 Nd5 27. c4 Nb4 28. Nf6+ Kh8 29. f5 Rd3 30. Qh4 Rxd2 31. Rxd2 exf5 32. gxf5 Qf3 33. Nd7 Nd3 34. Ree2 Nf4 35. Rf2 Nh3+ 36. Kf1 Nxf2 37. Qxf2 Qxf2+ 38. Kxf2 Rd8 39. f6 Bf8 40. Rd5 Kg8 41. Nxb6 Rb8 42. Nd7 h5 1-0

[Event "AUS-ch Major"]
[Site "Cammeray"]
[Date "2010.01.10"]
[Round "8"]
[White "Ali, Mosaddeque"]
[Black "Mendes da Costa, Alex"]
[Result "0-1"]
[WhiteElo "1714"]
[BlackElo "1945"]
[PlyCount "134"]
[EventDate "2010.01.02"]
[EventType "swiss"]
[EventRounds "11"]
[EventCountry "AUS"]
[SourceTitle "EXT 2011"]
[Source "ChessBase"]
[SourceDate "2010.11.26"]
[SourceVersion "1"]
[SourceVersionDate "2010.11.26"]
[SourceQuality "1"]

1. e4 e5 2. Nf3 Nc6 3. d4 exd4 4. Bc4 Bc5 5. 0-0 Nf6 6. e5 d5 7. Bb5 Ne4 8. Nxd4 Bd7 9. Bxc6 bxc6 10. f3 Ng5 11. f4 Ne4 12. Be3 Rb8 13. Nd2 Nxd2 14. Qxd2 0-0 15. Rae1 Re8 16. c3 Qc8 17. b4 Bb6 18. Qf2 c5 19. bxc5 Bxc5 20. Qg3 Bf8 21. f5 Kh8 22. f6 Be6 23. Rf4 c5 24. Nf3 Bf5 25. Rh4 Bg6 26. Ng5 Qf5 27. Rf1 Rb1 28. Rhf4 Rxf1+ 29. Rxf1 Qxe5 30. fxg7+ Qxg7 31. Qf2 f6 32. Qxf6 Rxe3 33. Qxf8+ Qxf8 34. Rxf8+ Kg7 35. Rf3 Re5 36. Nh3 d4 37. Nf4 Re1+ 38. Kf2 Re4 39. cxd4 cxd4 40. Nxg6 Kxg6 41. Ra3 Re7 42. Ra5 Rd7 43. Ke2 Kf6 44. Kd3 Ke6 45. Rh5 Kf6 46. Rh4 Ke5 47. Re4+ Kf5 48. Rxd4 Rg7 49. g3 Rc7 50. g4+ Kg5 51. h3 Kh4 52. Ke4 Kxh3 53. Kf3 Kh4 54. Rd6 Rf7+ 55. Kg2 Kxg4 56. Rd3 a5 57. Rg3+ Kh5 58. Rh3+ Kg6 59. Rg3+ Kh6 60. Kh3 Rf5 61. Rb3 Kg5 62. Kg3 h5 63. a4 Re5 64. Rb5 Kf5 65. Kh4 Ke4 66. Kg3 Rd5 67. Rb3 Rd3+ 0-1

[Event "AUS-ch Major"]
[Site "Cammeray"]
[Date "2010.01.07"]
[Round "5"]
[White "Thiyagarajah, Anand"]
[Black "Ali, Mosaddeque"]
[Result "0-1"]
[WhiteElo "1873"]
[BlackElo "1714"]
[PlyCount "110"]
[EventDate "2010.01.02"]
[EventType "swiss"]
[EventRounds "11"]
[EventCountry "AUS"]
[SourceTitle "EXT 2011"]
[Source "ChessBase"]
[SourceDate "2010.11.26"]
[SourceVersion "1"]
[SourceVersionDate "2010.11.26"]
[SourceQuality "1"]

1. e4 e6 2. d4 d5 3. e5 c5 4. c3 Nc6 5. Nf3 Qb6 6. a3 Nh6 7. b4 cxd4 8. Bxh6 gxh6 9. cxd4 Bd7 10. Be2 Bg7 11. Nc3 f6 12. Na4 Qd8 13. b5 Qa5+ 14. Kf1 Nxe5 15. dxe5 Bxb5 16. Qb3 Bxa4 17. Qxb7 0-0 18. exf6 Bxf6 19. Bd3 Bg7 20. Re1 Rae8 21. Qb1 Qb6 22. Bxh7+ Kh8 23. Qxb6 axb6 24. Bg6 Re7 25. Ne5 Rc7 26. Bd3 Bxe5 27. Rxe5 Rc1+ 28. Re1 Rc3 29. Ba6 Rxa3 30. Rxe6 Bd7 31. Rxh6+ Kg7 32. Rd6 Bg4 33. f3 Rxa6 34. Ke2 Re8+ 35. Kf2 Be6 36. Rb1 Ra2+ 37. Kg3 Kf7 38. Rbxb6 Rg8+ 39. Kf4 Rg6 40. Rb7+ Kf6 41. Rbb6 Kf7 42. Rb7+ Kf6 43. Rd8 Ra4+ 44. Ke3 Rxg2 45. Rf8+ Ke5 46. f4+ Kd6 47. Rb6+ Ke7 48. Rh8 Ra3+ 49. Kd4 Rd2+ 50. Kc5 Rc3+ 51. Kb5 Rb2+ 52. Ka6 Bc8+ 53. Ka7 Ra3+ 54. Kb8 Rxb6+ 55. Kc7 Rb7+ 0-1

[Event "Australian op"]
[Site "Manly Sydney"]
[Date "2009.01.04"]
[Round "5"]
[White "Lyell, Mark"]
[Black "Ali, Mosaddeque"]
[Result "1/2-1/2"]
[WhiteElo "2287"]
[BlackElo "1943"]
[PlyCount "104"]
[EventDate "2009.01.02"]
[EventType "swiss"]
[EventRounds "11"]
[EventCountry "AUS"]
[SourceTitle "CBM 128 Extra"]
[Source "ChessBase"]
[SourceDate "2009.03.05"]
[SourceVersion "2"]
[SourceVersionDate "2009.03.25"]
[SourceQuality "1"]

1. e4 e6 2. d4 d5 3. e5 c5 4. c3 Nc6 5. Nf3 Qb6 6. a3 Nh6 7. b4 cxd4 8. cxd4 Nf5 9. Bb2 Bd7 10. g4 Nh6 11. Rg1 f6 12. exf6 gxf6 13. Nc3 Rg8 14. h3 Qd8 15. Bd3 f5 16. g5 Nf7 17. h4 Bg7 18. Ne2 Nd6 19. Ne5 Bxe5 20. dxe5 Nc4 21. Bxc4 dxc4 22. Nf4 Qe7 23. b5 Nb4 24. axb4 Qxb4+ 25. Qd2 Qxb5 26. Rg3 a6 27. Ra5 Qc6 28. Nh5 Qh1+ 29. Ke2 Qe4+ 30. Kf1 Qh1+ 31. Rg1 Qh3+ 32. Ke1 0-0-0 33. Qd6 Bb5 34. Qc5+ Kb8 35. Qe3 Qxh4 36. Nf4 Rxg5 37. Rxg5 Qxg5 38. Bd4 Qg1+ 39. Ke2 c3+ 40. Rxb5 axb5 41. Qxc3 Qg4+ 42. Ke3 Qd1 43. Nxe6 Rc8 44. Ba7+ Kxa7 45. Qxc8 Qe1+ 46. Kf3 Qe4+ 47. Kg3 Qg4+ 48. Kh2 Qh4+ 49. Kg2 Qg4+ 50. Kh1 Qh3+ 51. Kg1 Qg4+ 52. Kf1 Qd1+ 1/2-1/2

[Event "Australian op"]
[Site "Manly Sydney"]
[Date "2009.01.03"]
[Round "3"]
[White "Ali, Mosaddeque"]
[Black "Stojic, Dusan"]
[Result "0-1"]
[WhiteElo "1943"]
[BlackElo "2219"]
[PlyCount "76"]
[EventDate "2009.01.02"]
[EventType "swiss"]
[EventRounds "11"]
[EventCountry "AUS"]
[SourceTitle "CBM 128 Extra"]
[Source "ChessBase"]
[SourceDate "2009.03.05"]
[SourceVersion "2"]
[SourceVersionDate "2009.03.25"]
[SourceQuality "1"]

1. d4 Nf6 2. c4 c5 3. d5 e6 4. Nc3 exd5 5. cxd5 d6 6. e4 g6 7. Nf3 Bg7 8. Bc4 0-0 9. 0-0 Re8 10. Re1 Na6 11. h3 Nc7 12. a4 b6 13. Bg5 h6 14. Bh4 a6 15. Qc2 Rb8 16. g4 b5 17. axb5 axb5 18. Bf1 b4 19. Nb1 g5 20. Bg3 h5 21. gxh5 Nxh5 22. Nbd2 Nxg3 23. fxg3 Nb5 24. Nc4 g4 25. hxg4 Bxg4 26. Bg2 Nd4 27. Qd3 Bxf3 28. Bxf3 Qg5 29. Bg2 Be5 30. Nxe5 Qxe5 31. Rf1 Ra8 32. Rxa8 Rxa8 33. Rf4 Ra2 34. Qd1 Rxb2 35. Qg4+ Kf8 36. Kh2 Qh8+ 37. Qh3 Qxh3+ 38. Kxh3 c4 0-1

[Event "AUS-ch Major"]
[Site "Parramatta"]
[Date "2008.01.07"]
[Round "7"]
[White "Harris, Rebecca"]
[Black "Ali, Mosaddeque"]
[Result "1-0"]
[WhiteElo "1668"]
[BlackElo "1750"]
[PlyCount "95"]
[EventDate "2008.01.02"]
[EventType "swiss"]
[EventRounds "11"]
[EventCountry "AUS"]
[SourceTitle "EXT 2010"]
[Source "ChessBase"]
[SourceDate "2010.11.25"]
[SourceVersion "1"]
[SourceVersionDate "2010.11.25"]
[SourceQuality "1"]

1. e4 c5 2. c3 Nf6 3. e5 Nd5 4. g3 d6 5. exd6 Qxd6 6. Bg2 e5 7. Ne2 Nc6 8. 0-0 Bg4 9. Na3 Nb6 10. h3 Be6 11. d4 cxd4 12. cxd4 Rd8 13. Nb5 Qd7 14. Be3 a6 15. dxe5 Nd5 16. Bxd5 axb5 17. Bxe6 Qxe6 18. Qc2 Nxe5 19. Nf4 Qf6 20. Qe2 Qc6 21. Bd4 f6 22. Bxe5 fxe5 23. Qxe5+ Kf7 24. Rac1 Qd6 25. Rc7+ Be7 26. Re1 Rhe8 27. Qxd6 Rxd6 28. Rxb7 g5 29. Ng2 b4 30. Rxb4 Ra6 31. Rb7 Rxa2 32. Ne3 Ra5 33. Nc4 Rd5 34. b4 Kf8 35. b5 Rd4 36. Ne5 Bb4 37. Re3 Bd2 38. Rf3+ Bf4 39. gxf4 gxf4 40. Nc6 Rc4 41. Rxh7 Kg8 42. Rh4 Re1+ 43. Kg2 Rcc1 44. Rfxf4 Rg1+ 45. Kf3 Rc3+ 46. Ke2 Rb1 47. Rf5 Rc2+ 48. Kd3 1-0

[Event "Canberra ANU op"]
[Site "Canberra"]
[Date "2007.07.29"]
[Round "5"]
[White "Rout, Ian Clive"]
[Black "Ali, Mosaddeque"]
[Result "1-0"]
[WhiteElo "1859"]
[BlackElo "1798"]
[PlyCount "75"]
[EventDate "2007.07.28"]
[EventType "swiss"]
[EventRounds "7"]
[EventCountry "AUS"]
[SourceTitle "EXT 2010"]
[Source "ChessBase"]
[SourceDate "2010.11.25"]
[SourceVersion "1"]
[SourceVersionDate "2010.11.25"]
[SourceQuality "1"]

1. e4 e5 2. Nf3 d6 3. d4 Nd7 4. c4 c6 5. Nc3 Be7 6. g3 Ngf6 7. Bg2 Qc7 8. 0-0 h6 9. h3 Nf8 10. Be3 g5 11. Rc1 Bxh3 12. Bxh3 g4 13. Bg2 gxf3 14. Bxf3 h5 15. c5 dxc5 16. dxe5 Qxe5 17. Qb3 Ng6 18. Qxb7 0-0 19. Na4 h4 20. Bxc5 hxg3 21. Bxe7 gxf2+ 22. Rxf2 Qg5+ 23. Kh2 Qf4+ 24. Kg2 Nh4+ 25. Kh3 Nxf3 26. Bxf6 Qxf6 27. Kg3 Qg5+ 28. Kxf3 Qxc1 29. Qd7 Rfd8 30. Qf5 Qd1+ 31. Kf4 Qxa4 32. Rg2+ Kf8 33. Qc5+ Ke8 34. Qe5+ Kf8 35. Rh2 f6 36. Qxf6+ Ke8 37. Qe6+ Kf8 38. Rg2 1-0

[Event "Canberra ANU op"]
[Site "Canberra"]
[Date "2007.07.28"]
[Round "4"]
[White "Ali, Mosaddeque"]
[Black "Mitchell, Simon"]
[Result "1-0"]
[WhiteElo "1798"]
[BlackElo "1473"]
[PlyCount "51"]
[EventDate "2007.07.28"]
[EventType "swiss"]
[EventRounds "7"]
[EventCountry "AUS"]
[SourceTitle "EXT 2010"]
[Source "ChessBase"]
[SourceDate "2010.11.25"]
[SourceVersion "1"]
[SourceVersionDate "2010.11.25"]
[SourceQuality "1"]

1. d4 Nf6 2. Nf3 g6 3. Bg5 Bg7 4. Nc3 d6 5. e4 0-0 6. Qd2 Nbd7 7. h4 Ng4 8. h5 h6 9. hxg6 hxg5 10. gxf7+ Rxf7 11. Bc4 Nb6 12. Bxf7+ Kxf7 13. Nxg5+ Kg8 14. f3 Nf6 15. 0-0-0 Qe8 16. e5 dxe5 17. dxe5 Nc4 18. Qe2 Qc6 19. exf6 Bxf6 20. Rd8+ Kg7 21. Rh7+ Kg6 22. Rg8+ Kf5 23. g4+ Kf4 24. Nh3+ Kg3 25. Ne4+ Qxe4 26. Qf2# 1-0

[Event "Australian Major op"]
[Site "Tuggeranong"]
[Date "2007.01.06"]
[Round "6"]
[White "Press, Shaun"]
[Black "Ali, Mosaddeque"]
[Result "1-0"]
[WhiteElo "1758"]
[BlackElo "1782"]
[PlyCount "71"]
[EventDate "2007.01.01"]
[EventType "swiss"]
[EventRounds "6"]
[EventCountry "AUS"]
[SourceTitle "EXT 2008"]
[Source "ChessBase"]
[SourceDate "2007.11.25"]
[SourceVersion "1"]
[SourceVersionDate "2007.11.25"]
[SourceQuality "1"]

1. e4 Nf6 2. e5 Nd5 3. d4 d6 4. c4 Nb6 5. f4 g5 6. Nc3 Bg7 7. Nf3 gxf4 8. Bxf4 Nc6 9. exd6 cxd6 10. d5 Na5 11. Rc1 Bg4 12. b3 0-0 13. Bd3 e5 14. dxe6 fxe6 15. Bxd6 Rf7 16. Be2 Rd7 17. c5 Bxf3 18. Bxf3 Qh4+ 19. g3 Qb4 20. Qc2 Nd5 21. Bxd5 exd5 22. 0-0 Rc8 23. Qf5 Rcd8 24. Qxd5+ Kh8 25. Ne4 Qd4+ 26. Qxd4 Bxd4+ 27. Kg2 Re8 28. Rf8+ Rxf8 29. Bxf8 Nc6 30. Bd6 Nb4 31. Rd1 Nc6 32. Rxd4 Nxd4 33. Be5+ Kg8 34. Nf6+ Kf7 35. Nxd7 Nf5 36. Bf4 1-0

[Event "Australian Major op"]
[Site "Tuggeranong"]
[Date "2007.01.04"]
[Round "4"]
[White "Vlietstra, Marc D"]
[Black "Ali, Mosaddeque"]
[Result "0-1"]
[WhiteElo "1735"]
[BlackElo "1782"]
[PlyCount "110"]
[EventDate "2007.01.01"]
[EventType "swiss"]
[EventRounds "6"]
[EventCountry "AUS"]
[SourceTitle "EXT 2008"]
[Source "ChessBase"]
[SourceDate "2007.11.25"]
[SourceVersion "1"]
[SourceVersionDate "2007.11.25"]
[SourceQuality "1"]

1. d4 Nf6 2. Bg5 d6 3. Nc3 Nbd7 4. Nf3 c6 5. e3 Qb6 6. Qc1 Qa5 7. Qd2 e5 8. Ne4 Qxd2+ 9. Nfxd2 Nxe4 10. Nxe4 f5 11. Nd2 h6 12. Bh4 g5 13. Bg3 f4 14. dxe5 dxe5 15. exf4 exf4 16. h4 fxg3 17. hxg5 gxf2+ 18. Kxf2 Bc5+ 19. Kg3 Bd6+ 20. Kf2 Rf8+ 21. Nf3 hxg5 22. Re1+ Kd8 23. Rh6 Bf4 24. g3 Bd2 25. Rd1 g4 26. Rxd2 Rxf3+ 27. Kg2 Rf7 28. Bc4 Re7 29. Be6 Rg7 30. Rh4 Kc7 31. Bxg4 Ne5 32. Be2 Be6 33. Rh5 Ng6 34. Rg5 Rag8 35. Bd3 Ne7 36. Rxg7 Rxg7 37. b3 Nf5 38. Bxf5 Bxf5 39. Kf3 Rf7 40. Ke3 Bg4 41. Ke4 Rf3 42. Rg2 c5 43. c4 b6 44. Rg1 Rf2 45. a3 Rf3 46. b4 Rxa3 47. bxc5 Bf3+ 48. Kd4 bxc5+ 49. Kxc5 Be2 50. Kb4 Re3 51. Ra1 Kb7 52. Ra3 Re4 53. Rc3 Kb6 54. Rc2 a5+ 55. Ka4 Bd1 0-1

[Event "Australian Major op"]
[Site "Tuggeranong"]
[Date "2007.01.02"]
[Round "2"]
[White "Yuan, Yi"]
[Black "Ali, Mosaddeque"]
[Result "1-0"]
[WhiteElo "1712"]
[BlackElo "1782"]
[PlyCount "23"]
[EventDate "2007.01.01"]
[EventType "swiss"]
[EventRounds "6"]
[EventCountry "AUS"]
[SourceTitle "EXT 2008"]
[Source "ChessBase"]
[SourceDate "2007.11.25"]
[SourceVersion "1"]
[SourceVersionDate "2007.11.25"]
[SourceQuality "1"]

1. e4 e6 2. d4 d5 3. e5 c5 4. c3 Nc6 5. Nf3 Qb6 6. Bd3 cxd4 7. cxd4 Bd7 8. 0-0 Nxd4 9. Nxd4 Qxd4 10. Nc3 a6 11. Kh1 f6 12. Bg6+ 1-0

[Event "Belconnen op"]
[Site "Belconnen"]
[Date "2005.09.02"]
[Round "9"]
[White "Dunn, Paul1111"]
[Black "Ali, Mosaddeque"]
[Result "0-1"]
[WhiteElo "1218"]
[BlackElo "1777"]
[PlyCount "66"]
[EventDate "2005.07.08"]
[EventType "swiss"]
[EventRounds "11"]
[EventCountry "AUS"]
[SourceTitle "EXT 2007"]
[Source "ChessBase"]
[SourceDate "2006.11.23"]
[SourceVersion "1"]
[SourceVersionDate "2006.11.23"]
[SourceQuality "1"]

1. c4 b6 2. Nf3 Bb7 3. g3 Bxf3 4. exf3 c5 5. Bg2 Nc6 6. f4 g6 7. d3 Bg7 8. Nd2 e6 9. 0-0 Nge7 10. Re1 Nf5 11. Rb1 Rc8 12. b3 Nb4 13. Ne4 0-0 14. a3 Nc6 15. g4 Nh4 16. Bh1 d6 17. Re3 d5 18. Ng5 dxc4 19. bxc4 h6 20. Nf3 Nxf3+ 21. Bxf3 Qd6 22. f5 exf5 23. gxf5 Be5 24. Bd5 Bxh2+ 25. Kf1 Rfe8 26. Rh3 Ne7 27. Bxf7+ Kxf7 28. fxg6+ Nxg6 29. Qf3+ Ke7 30. Rxh6 Kd8 31. Bg5+ Kc7 32. Rxh2 Qxh2 33. Qf7+ Kb8 0-1